00860pam a2200277 a 450000100090000000300060000900500170001500800410003201000130007301500150008602000280010103500140012904000280014304200080017105000240017908200190020310000300022224501360025226000520038830000340044050400070047465000270048165000230050865000300053170000210056142389666OCoLC20150408113724.0990830s2000 flua b 001 0 eng  a99047242 aGB99-75607 a1584880317 (alk. paper) a.o2394807 aDLCcDLCdC#PdUKMdWSU apcc00aHG6024.A3bA93 200000a332.63/2282211 aAvellaneda, Marco,d1955-10aQuantitative modeling of derivative securitiesbfrom theory to practice /cMarco Avellaneda in collaboration with Peter Laurence.  aBoca Raton, Fla.bChapman & Hall/CRC,cc2000.  bill. ;c26 cm. axii, 322 p. aDe aDerivative securities  aOptions (Finance)  aExotic options (Finance)  aLaurence, Peter